| 000 | 00951nam a22003377a 4500 | ||
|---|---|---|---|
| 001 | 4240656 | ||
| 003 | OSt | ||
| 005 | 20210527095704.0 | ||
| 008 | 830225s1983 enka 001 0 eng | ||
| 010 | _a 83003763 | ||
| 020 | _a0407002626 | ||
| 040 |
_aDLC _cDLC _dDLC _beng |
||
| 041 | _aeng | ||
| 050 | 0 | 0 |
_aRD731 _b.C897 1983 |
| 060 | _aWE 168 C997i | ||
| 080 |
_a617.3 _bC-98 |
||
| 082 | 0 | 0 |
_a617/.3 _219 |
| 100 | 1 | _aCyriax, James Henry. | |
| 245 | 1 | 0 |
_aIllustrated manual of orthopaedic medicine / _cJames Cyriax, Patricia Cyriax. |
| 260 |
_aLondon _aBoston _bButterworths _c1983. |
||
| 300 |
_aix, 246 p. _bcol. ill. _c32 cm. |
||
| 500 | _aIncludes index. | ||
| 650 | 0 | _aOrthopedics. | |
| 650 | 0 |
_aMedicine _969 |
|
| 650 | 2 | _aOrthopedics. | |
| 653 | _aმედიცინა | ||
| 653 | _aორთოპედია | ||
| 700 | 1 | _aCyriax, Patricia. | |
| 906 |
_a7 _bcbc _corignew _d1 _eocip _f19 _gy-gencatlg |
||
| 942 |
_2udc _cBK |
||
| 999 |
_c2240 _d2240 |
||